Bilecik Bilecik Bilecik Bilecik Bilecik

Empatik bir psikanalizden kesitler/ (Record no. 65416)

MARC details
000 -BAŞLIK
Sabit Uzunluktaki Kontrol Alanı 01150nam a22003617a 4500
001 - KONTROL NUMARASI
Control Dosyası 0065119
003 - KONTROL NUMARASI KİMLİĞİ
Kontrol Alanı KOHA_MİRAKIL
005 - EN SON İŞLEM TARİHİ ve ZAMANI
Kontrol Alanı 20260207004545.0
007 - FİZİKSEL TANIM SABİT ALAN - GENEL BİLGİ
Sabit uzunluklu kontrol alanı ta
008 - SABİT UZUNLUKTAKİ VERİ ÖGELERİ - GENEL BİLGİ
Sabit Alan 191218b2018 tu |||gr||||#||||0|tur |
020 ## - ISBN - ULUSLARARASI STANDART KİTAP NUMARASI
Isbn 9786059911474
Nitelik bilgileri
040 ## - KATALOGLAMA KAYNAĞI
Özgün Kataloglama Kurumu TR-BiSEU
Kataloglama Dili tur
Çeviri Kurumu TR-BiSEU
Açıklama Kuralları rda
041 0# - DİL KODU
Metin ya da ses kaydının dil kodu tur
044 ## - YAYINLAYAN/ÜRETEN KURULUŞUN ÜLKE KODU
ISO country code tu
050 ## - SINIFLAMA ve YER NUMARASI
Sınıflama Numarası BF175
Yer Numarası .T57 2018
100 1# - KİŞİ ADI
Yazar Adı (Kişi adı) Tisseron, Serge.
245 1# - ESER ADI BİLDİRİMİ
Başlık Empatik bir psikanalizden kesitler/
Sorumluluk Bildirimi Serge Tisseron ; Serge Tisseron; Türkçesi Defne Satgan Gouban..
264 #1 - ÜRERİM, YAYIN, DAĞITIM ve TELİF BİLDİRİMİ
Yayın yeri İstanbul :
Yayınlayan Bağlam Yayınları
Yayın tarihi 2018
300 ## - FİZİKSEL TANIMLAMA
Sayfa, Cilt vb. 174 sayfa; 20 cm.
336 ## - İÇERİK TÜRÜ
Content type term metin
Content type code txt
Source rdacontent
337 ## - MEDYA TÜRÜ
Media type term aracısız
Media type code n
Source rdamedia
338 ## - TAŞIYICI TÜRÜ
Carrier type term cilt
Carrier type code nc
Source rdacarrier
490 1# - DİZİ BİLDİRİMİ
Dizi Bildirimi Bağlam yayınları ;
Cilt Numarası 453.
490 1# - DİZİ BİLDİRİMİ
Dizi Bildirimi İnceleme/Araştırma ;
Cilt Numarası 301.
490 1# - DİZİ BİLDİRİMİ
Dizi Bildirimi Düş/Düşün dizisi ;
Cilt Numarası 57.
650 #0 - KONU BAŞLIĞI EK GİRİŞ - KONU TERİMİ
Konusal terim veya coğrafi ad Anzieu, Didier, 1923-1999.
9 (RLIN) 121829
650 #0 - KONU BAŞLIĞI EK GİRİŞ - KONU TERİMİ
Konusal terim veya coğrafi ad Psychoanalysis.
9 (RLIN) 12245
650 #0 - KONU BAŞLIĞI EK GİRİŞ - KONU TERİMİ
Konusal terim veya coğrafi ad Empathy.
9 (RLIN) 7414
830 1# - SERİ EK GİRİŞİ - TEKBİÇİM ESER ADI
Tekbiçim Başlık Bağlam yayınları ;
Volume number/sequential designation 453.
9 (RLIN) 8879
830 1# - SERİ EK GİRİŞİ - TEKBİÇİM ESER ADI
Tekbiçim Başlık İnceleme/Araştırma ;
Volume number/sequential designation 301.
9 (RLIN) 107472
830 1# - SERİ EK GİRİŞİ - TEKBİÇİM ESER ADI
Tekbiçim Başlık Düş/Düşün dizisi ;
Volume number/sequential designation 57.
9 (RLIN) 121830
942 ## - EK GİRİŞ ÖGELERİ (KOHA)
Source of classification or shelving scheme Library of Congress Classification
Koha item type Book
Holdings
Materyal Türü Kalıcı Konum Mevcut Konum Raf Yeri Sınıflandırma Kaynağı Edinim Bilgisi Ana Konular Alt Konular Yer Numarası Demirbaş Numarası Fatura Tarihi Geri Çekilme Durumu Kayıp Durumu Hasarlı Durumu Kredi için değil Kayıt Tarih Toplam Ödünçverme Son Görülme Tarihi Son Kontrol Tarihi
Book Prof. Dr. Azmi Özcan Kütüphanesi Prof. Dr. Azmi Özcan Kütüphanesi Uluğbey Salonu Library of Congress Classification Satın FELSEFE, PSİKOLOJİ, DİN Psikoloji BF175 .T57 2018 0065119 02/02/2026         18/12/2019 6 05/03/2025 05/03/2025